000 00734nam a2200241 a 4500
005 20250619063854.0
008 010611s1998 es r 000 0 spa d
020 _a8420690112
035 _aUPN01000108038
049 _aCG
050 4 _aBD165
_bZ8.4 1998 v.1
100 1 _aZubiri, Xavier,
_d1898-1983
245 1 0 _aInteligencia sentiente. Inteligencia y realidad /
_cXavier Zubiri.
250 _a5a ed.
260 _aMadrid :
_bAlianza :
_bFundación Xavier Zubiri,
_c1998.
300 _a314 p.
500 _aTítulo de la obra completa: La intelección humana
650 4 _aTeoría del conocimiento
_91707
650 2 _aRealidad
_97272
650 4 _aInteligencia
_9939
740 0 _aInteligencia y realidad
905 _aLibro
999 _c81950
_d81950